000 00487nam a2200181Ia 4500
008 240925s9999 xx 000 0 und d
020 _a9781118951354
082 _a658.872 ZIM
100 _aZimmerman, Jan.
245 0 _aSocial Media Marketing all in one for Dummies
250 _a3rd
260 _aNew York:
_bJohn Wiley & Sons
_c,2015.
300 _axxiii, 1320p.
_bNA
_fOriginal
500 _aIncludes Index
600 _aSocial Sciences
650 _aManagement
942 _cBK
999 _c14779
_d14779